Družstvá v procese ekonomickej transformácie
Potreba reformy družstiev na Slovensku, predovšetkým v legislatíve, ekonomike, majetkových otázkach členov. Revitalizácia poľnohospodárstva. Vybrané poľnohospodárske ukazovatele. Reštrukturalizácia výrobných družstiev. Dlhodobý proces privatizácie bytových družstiev. Špecializácia jednotlivých zloži...
Guardado en:
| Autor principal: | |
|---|---|
| Formato: | Capítulo de libro |
| Lenguaje: | eslovaco |
| Materias: | |
| Etiquetas: |
Sin Etiquetas, Sea el primero en etiquetar este registro!
|
MARC
| LEADER | 00000naa a2200000 4500 | ||
|---|---|---|---|
| 001 | r024951 | ||
| 005 | 20221205101810.7 | ||
| 041 | 0 | |a slo | |
| 044 | |a SK | ||
| 245 | 1 | 0 | |a Družstvá v procese ekonomickej transformácie |c M. Košťálová-Mošková |
| 520 | |a Potreba reformy družstiev na Slovensku, predovšetkým v legislatíve, ekonomike, majetkových otázkach členov. Revitalizácia poľnohospodárstva. Vybrané poľnohospodárske ukazovatele. Reštrukturalizácia výrobných družstiev. Dlhodobý proces privatizácie bytových družstiev. Špecializácia jednotlivých zložiek Slovenského zväzu výrobných družstiev. Organizačná schéma Družstevnej únie SR. | ||
| 610 | 2 | 0 | |a Slovensko |
| 610 | 2 | 0 | |a transformácia |
| 610 | 2 | 0 | |a družstvá výrobné poľnohospodárske |
| 610 | 2 | 0 | |a družstvá bytové |
| 610 | 2 | 0 | |a družstvá spotrebné |
| 610 | 2 | 0 | |a družstevníctvo |
| 610 | 2 | 0 | |a Slovenský zväz výrobných družstiev |
| 610 | 2 | 0 | |a Družstevná únia SR |
| 100 | 1 | |a Košťálová-Mošková, Mária | |